Visualizzazione normale
Vista MARC
- Society of St. Paul
di Personal Name
Records bibliografici associati: 1
001 - CONTROL NUMBER
- control field: 14137
003 - CONTROL NUMBER IDENTIFIER
- control field: IT-RoPau
005 - DATE AND TIME OF LATEST TRANSACTION
- control field: 20140219152303.0
008 - FIXED-LENGTH DATA ELEMENTS
- fixed length control field: 140219|| aca||aabn | a|a d
040 ## - CATALOGING SOURCE
- Original cataloging agency: IT-RoPau
- Transcribing agency: IT-RoPau
100 ## - HEADING--PERSONAL NAME
- Personal name: Society of St. Paul
670 ## - SOURCE DATA FOUND
- Source citation: Work cat.: (IT-RoPau): Society of St. Paul, Let us know ourselves, 2001